000
00224 a2200097 4500
001
5460
100
_a
Morgan,J
245
_a
Introduction to geometrical & physical optics
260
_a
_b
McGraw Hill
_c
090
_c
4481
_d
4481
942
_a
NUST-CAE
_c
M
_c
30802
999
_c
240533
_d
240533